[Event "I Open"]
[Site "Trento ITA"]
[Date "2008.03.30"]
[Round "5"]
[White "Giancotti, Eraldo"]
[Black "Caldara, Sisto"]
[Result "1-0"]
[WhiteElo "2070"]
[BlackElo "1797"]
[PlyCount "87"]
[EventDate "2008.03.28"]

1. d4 Nf6 2. Nf3 d6 3. Bf4 Nbd7 4. Nc3 c6 5. e4 Qa5 6. Bd2 e5 7. Bc4 Qc7 8. a4
Be7 9. dxe5 Nxe5 10. Bb3 Bg4 11. h3 Nxf3+ 12. gxf3 Bh5 13. Qe2 Nd7 14. Qe3 Ne5
15. f4 Nf3+ 16. Kf1 g5 17. f5 g4 18. Qd3 O-O-O 19. hxg4 Bxg4 20. Bxf7 Kb8 21.
Be6 h5 22. Bf4 Bg5 23. Qe3 Bxf4 24. Qxf4 Ne5 25. Ne2 Qb6 26. Ra2 Qa6 27. Qe3
Nf3 28. c4 Ne5 29. b3 Qa5 30. Ng1 h4 31. f3 Bh5 32. Rah2 d5 33. exd5 Qc7 34.
Rxh4 cxd5 35. cxd5 Qg7 36. Rxh5 Rhg8 37. Bxg8 Rxg8 38. f6 Qg2+ 39. Ke1 Rd8 40.
Qf4 Qb2 41. Rh8 Qc3+ 42. Kf2 Qc2+ 43. Ne2 Qc7 44. Rxd8+ 1-0

[Event "I Open"]
[Site "Trento ITA"]
[Date "2008.03.30"]
[Round "5"]
[White "La Manna, Andrea"]
[Black "Barro, Francesco"]
[Result "1-0"]
[WhiteElo "2153"]
[BlackElo "2025"]
[PlyCount "65"]
[EventDate "2008.03.28"]

1. d4 Nf6 2. c4 e6 3. Nc3 Bb4 4. a3 Bxc3+ 5. bxc3 b6 6. f3 d5 7. cxd5 exd5 8.
e3 O-O 9. Bd3 Bb7 10. Ne2 Re8 11. O-O c5 12. Ng3 cxd4 13. cxd4 Nc6 14. Ra2 Na5
15. Re2 Rc8 16. Kh1 Rc3 17. Bb2 Rb3 18. e4 dxe4 19. fxe4 Ng4 20. Rf3 Qh4 21. h3
Rd8 22. Nf5 Qh5 23. Kg1 Ne5 24. dxe5 Rxb2 25. Rxb2 Bxe4 26. Ng3 Bxf3 27. Bxh7+
Kxh7 28. Qxd8 Qxe5 29. Qh4+ Kg6 30. Rf2 Qe3 31. gxf3 Qxa3 32. Qe4+ Kf6 33. Qf5+
1-0

[Event "I Open"]
[Site "Trento ITA"]
[Date "2008.03.30"]
[Round "5"]
[White "Luciani, Valerio"]
[Black "Castellano, Alfonso"]
[Result "1/2-1/2"]
[WhiteElo "2217"]
[BlackElo "1936"]
[PlyCount "83"]
[EventDate "2008.03.28"]

1. d4 Nf6 2. c4 g6 3. Nc3 Bg7 4. Nf3 d6 5. g3 O-O 6. Bg2 Nbd7 7. O-O e5 8. h3
c6 9. e4 Qe7 10. Re1 Ne8 11. Be3 Nc7 12. Qd2 Rd8 13. Rad1 Ne8 14. Kh2 b6 15.
Ng1 Bb7 16. f4 h5 17. Nf3 Nf8 18. f5 Nf6 19. d5 c5 20. Nh4 N6h7 21. Nf3 Nf6 22.
Rf1 Rd7 23. Rf2 N8h7 24. Rdf1 Rf8 25. Kg1 Bc8 26. Nh2 Ne8 27. Bf3 Rb7 28. Be2
Qd8 29. g4 hxg4 30. Nxg4 Qh4 31. Kg2 gxf5 32. exf5 f6 33. Ne4 Kh8 34. Bd3 Rg8
35. Kh2 Bf8 36. Rg2 Rbg7 37. Qe2 Bd7 38. Bf2 Qh5 39. Ng3 Qh4 40. Ne4 Qh5 41.
Ng3 Qh4 42. Ne4 1/2-1/2

[Event "I Open"]
[Site "Trento ITA"]
[Date "2008.03.30"]
[Round "5"]
[White "Mukic, Josko"]
[Black "Scharrer, Patrick"]
[Result "1/2-1/2"]
[WhiteElo "2337"]
[BlackElo "2225"]
[PlyCount "25"]
[EventDate "2008.03.28"]

1. d4 Nf6 2. Nf3 g6 3. c4 Bg7 4. Nc3 O-O 5. e4 d6 6. Be2 e5 7. Bg5 h6 8. Bh4
Qe8 9. dxe5 dxe5 10. Nd5 Nxd5 11. cxd5 c6 12. O-O cxd5 13. exd5 1/2-1/2

[Event "I Open"]
[Site "Trento ITA"]
[Date "2008.03.30"]
[Round "5"]
[White "Pedrotti, Luciano"]
[Black "De Nisi, Mario"]
[Result "0-1"]
[WhiteElo "1857"]
[BlackElo "1956"]
[PlyCount "88"]
[EventDate "2008.03.28"]

1. e4 e6 2. d4 d5 3. exd5 exd5 4. Nc3 c6 5. Nf3 Bd6 6. Be2 Bf5 7. O-O Nd7 8.
Bg5 f6 9. Bh4 Ne7 10. Bg3 Bxg3 11. fxg3 Qc7 12. Nh4 Bg6 13. Bg4 O-O-O 14. Ne2
Kb8 15. Nf4 Nf8 16. Re1 Be4 17. Nd3 f5 18. Be2 Nd7 19. Nf3 Rdf8 20. Nf4 Qd6 21.
c4 h6 22. c5 Qf6 23. Qa4 g5 24. Nd3 Ng6 25. Rf1 g4 26. Nd2 Qg5 27. Nf4 Nxf4 28.
Rxf4 h5 29. b4 h4 30. b5 hxg3 31. hxg3 Nf6 32. b6 a6 33. Bxa6 Rf7 34. Be2 Qh6
35. Qa7+ Kc8 36. Qa8+ Kd7 37. Qxb7+ Ke8 38. Qc8+ Ke7 39. Qc7+ Kf8 40. Qc8+ Kg7
41. Qxh8+ Kxh8 42. Kf2 Kg8 43. Nxe4 Nxe4+ 44. Rxe4 fxe4+ 0-1

[Event "I Open"]
[Site "Trento ITA"]
[Date "2008.03.30"]
[Round "5"]
[White "Ricci, Alfredo"]
[Black "Rizzoli, Aluna"]
[Result "1-0"]
[WhiteElo "2015"]
[BlackElo "1488"]
[PlyCount "119"]
[EventDate "2008.03.28"]

1. e4 d5 2. exd5 Nf6 3. d4 Nxd5 4. c4 Nb6 5. b3 g6 6. Bb2 Bg7 7. Na3 c5 8. Nf3
Nc6 9. Nc2 Bg4 10. Be2 Qd7 11. Ne5 Nxe5 12. dxe5 Bf5 13. Ne3 Rd8 14. Qxd7+ Nxd7
15. f4 e6 16. Bf3 b6 17. g4 Bd3 18. Rd1 Nb8 19. h3 Bh6 20. g5 Bg7 21. Ng4 Ke7
22. Nf6 h6 23. Rh2 hxg5 24. fxg5 Bf5 25. h4 Rxd1+ 26. Kxd1 Rd8+ 27. Rd2 Rxd2+
28. Kxd2 Nd7 29. Bc6 Nb8 30. Be4 Bxe4 31. Nxe4 Nc6 32. Nf6 a5 33. Ng4 Nb4 34.
a3 Nc6 35. Bc3 Kf8 36. Kd3 Ke7 37. Ke4 Kd7 38. Nf2 Bf8 39. Nd3 Be7 40. Kf4 Nd4
41. Bxd4 cxd4 42. b4 axb4 43. axb4 Kc6 44. Ke4 Bf8 45. Kxd4 Be7 46. b5+ Kc7 47.
Ke4 Bf8 48. Kf4 Kd7 49. Kg4 Kc7 50. h5 gxh5+ 51. Kxh5 Kd7 52. g6 fxg6+ 53. Kxg6
Be7 54. Kf7 Ba3 55. Nf4 Bb2 56. Kf6 Ba3 57. Nxe6 Bb4 58. Nf4 Bc3 59. Nd3 Bd4
60. Kf7 1-0

[Event "I Open"]
[Site "Trento ITA"]
[Date "2008.03.30"]
[Round "5"]
[White "Scian, Nicola"]
[Black "Paltrinieri, Nicholas"]
[Result "0-1"]
[WhiteElo "1659"]
[BlackElo "1896"]
[PlyCount "52"]
[EventDate "2008.03.28"]

1. e4 d5 2. exd5 Qxd5 3. Nc3 Qd6 4. d4 Nf6 5. Nf3 Bg4 6. Be2 e6 7. Nb5 Qb6 8.
a4 c6 9. Nc3 Bd6 10. a5 Qc7 11. h3 Bh5 12. O-O Nbd7 13. Be3 h6 14. Qd3 g5 15.
Qc4 g4 16. hxg4 Bxg4 17. b4 a6 18. Na4 O-O-O 19. Nc5 Rdg8 20. Qd3 Rg7 21. c4
Rhg8 22. b5 Bh3 23. bxa6 Rxg2+ 24. Kh1 Rh2+ 25. Nxh2 Bg2+ 26. Kg1 Bxh2# 0-1

[Event "I Open"]
[Site "Trento ITA"]
[Date "2008.03.30"]
[Round "5"]
[White "Simioni, Loris"]
[Black "Filosi, Marco"]
[Result "1-0"]
[WhiteElo "1655"]
[BlackElo "1419"]
[PlyCount "47"]
[EventDate "2008.03.28"]

1. e4 e6 2. c4 c5 3. Nf3 Nc6 4. Nc3 Qc7 5. Be2 Nf6 6. O-O Be7 7. Re1 O-O 8. Bf1
d6 9. d4 cxd4 10. Nb5 Qb6 11. Nbxd4 Nxd4 12. Nxd4 e5 13. Nb5 a6 14. Be3 Qc6 15.
Nc3 Nxe4 16. Nxe4 Qxe4 17. Bg5 Qc6 18. Bxe7 Re8 19. Qxd6 Qxd6 20. Bxd6 f6 21.
c5 Bd7 22. Bc4+ Kh8 23. Rad1 Rad8 24. Bf7 1-0

[Event "I Open"]
[Site "Trento ITA"]
[Date "2008.03.30"]
[Round "5"]
[White "Spornberger, Andre"]
[Black "Pichler, Christoph"]
[Result "1/2-1/2"]
[WhiteElo "1485"]
[BlackElo "1632"]
[PlyCount "108"]
[EventDate "2008.03.28"]

1. d4 d5 2. Bf4 Nf6 3. e3 Bf5 4. Nf3 e6 5. h3 c5 6. c3 Nc6 7. Nbd2 Rc8 8. Be2
h6 9. O-O Bd6 10. Bh2 cxd4 11. exd4 O-O 12. Nb3 Bxh2+ 13. Nxh2 Ne4 14. Nd2 Qg5
15. Nhf3 Qf6 16. Bb5 Nxd2 17. Qxd2 Bxh3 18. Bxc6 Qg6 19. Nh4 Qg4 20. Bxb7 Rb8
21. Bxd5 exd5 22. Kh2 Qxh4 23. gxh3 Rb6 24. Rg1 Rf6 25. Rg2 Re8 26. Rag1 g6 27.
Re1 Rxe1 28. Qxe1 Qf4+ 29. Kg1 Re6 30. Qd1 h5 31. Kf1 Re4 32. b4 Qc7 33. Qb3
Qe7 34. Qd1 Qc7 35. Rg3 h4 36. Rd3 Qh2 37. Qf3 Qc7 38. Kg2 Qe7 39. Re3 Qg5+ 40.
Kf1 Rf4 41. Qg2 Qf5 42. Qh2 Qb1+ 43. Re1 Qd3+ 44. Kg2 g5 45. Re3 Qd2 46. Qg1
Qxa2 47. Qe1 Qc2 48. Re5 Rf5 49. Rxf5 Qxf5 50. Qe5 Qxe5 51. dxe5 Kg7 52. Kf3 f5
53. exf6+ Kxf6 54. Ke3 Ke5 1/2-1/2

[Event "I Open"]
[Site "Trento ITA"]
[Date "2008.03.30"]
[Round "5"]
[White "Spornberger, Maximilian"]
[Black "Pojer, Romeo"]
[Result "1/2-1/2"]
[WhiteElo "1990"]
[BlackElo "2158"]
[PlyCount "97"]
[EventDate "2008.03.28"]

1. Nf3 g6 2. g3 Bg7 3. Bg2 d6 4. O-O c5 5. d3 Nc6 6. e4 e6 7. c3 Nge7 8. d4 b6
9. Re1 O-O 10. Be3 Bb7 11. Nbd2 Rc8 12. a3 cxd4 13. Nxd4 Nxd4 14. Bxd4 Bxd4 15.
cxd4 d5 16. e5 Nf5 17. Nf3 b5 18. Bh3 Ne7 19. Qd2 Kg7 20. Qf4 Nc6 21. Ng5 h6
22. Qf6+ Qxf6 23. exf6+ Kg8 24. Nxe6 fxe6 25. Bxe6+ Kh8 26. Bxc8 Bxc8 27. Rac1
Nxd4 28. Re7 Bf5 29. Rcc7 g5 30. Rxa7 Nc6 31. Rf7 Rxf7 32. Rxf7 d4 33. f4 d3
34. Kf2 gxf4 35. gxf4 Kg8 36. Rc7 Nd4 37. Ke3 Nb3 38. h3 d2 39. Ke2 Bxh3 40.
Rg7+ Kf8 41. Rg3 Bf1+ 42. Kd1 Bc4 43. Rh3 Kf7 44. Rxh6 Be6 45. Rh1 Kxf6 46. Kc2
Kf5 47. Rd1 Kxf4 48. Rxd2 Nxd2 49. Kxd2 1/2-1/2

[Event "I Open"]
[Site "Trento ITA"]
[Date "2008.03.30"]
[Round "5"]
[White "Taufer, Marco"]
[Black "Boerci, Roberto"]
[Result "1/2-1/2"]
[WhiteElo "1416"]
[BlackElo "1614"]
[PlyCount "112"]
[EventDate "2008.03.28"]

1. d4 d6 2. e4 Nf6 3. Nc3 g6 4. Bf4 Bg7 5. Nf3 O-O 6. Qd2 Re8 7. O-O-O a6 8.
Be2 Ng4 9. Rdf1 b5 10. h4 h5 11. Nh2 Nf6 12. Rhg1 e5 13. Bg5 exd4 14. Qxd4 Nxe4
15. Qxg7+ Kxg7 16. Bxd8 Nxc3 17. bxc3 Rxd8 18. g4 hxg4 19. Bxg4 Nd7 20. f4 Nf6
21. Bxc8 Raxc8 22. Rf2 Rh8 23. Nf3 Nh5 24. f5 Rhf8 25. fxg6 fxg6 26. Rgf1 Rce8
27. Ng5 Rxf2 28. Rxf2 Nf6 29. Rf4 Re7 30. Kd2 Nh5 31. Re4 Rxe4 32. Nxe4 Nf6 33.
Ng5 c5 34. Kd3 a5 35. c4 b4 36. c3 Ne8 37. cxb4 axb4 38. Ke4 Nf6+ 39. Kd3 Kh6
40. Nf7+ Kh5 41. Nxd6 Kxh4 42. Nb7 Nd7 43. Ke4 g5 44. Nd6 g4 45. Nf5+ Kh3 46.
Ne3 g3 47. Kd5 g2 48. Nxg2 Kxg2 49. Kd6 Nb8 50. Kxc5 Kf3 51. Kxb4 Ke4 52. a4
Ke5 53. Kb5 Kd6 54. c5+ Kc7 55. a5 Kb7 56. a6+ Ka7 1/2-1/2

[Event "I Open"]
[Site "Trento ITA"]
[Date "2008.03.30"]
[Round "5"]
[White "Teutsch, Alexander"]
[Black "Spornberger, Peter"]
[Result "1/2-1/2"]
[WhiteElo "1494"]
[BlackElo "1646"]
[PlyCount "51"]
[EventDate "2008.03.28"]

1. Nf3 g6 2. g3 Bg7 3. Bg2 d6 4. O-O e5 5. d3 Nf6 6. e4 O-O 7. c3 h6 8. h3 Nc6
9. Nbd2 d5 10. Re1 dxe4 11. Nxe4 Nxe4 12. dxe4 Be6 13. a3 Qe7 14. Qc2 Na5 15.
Nd2 c5 16. b4 cxb4 17. axb4 Nc4 18. Nxc4 Bxc4 19. Be3 b6 20. Red1 Qe6 21. Ra3
Rfc8 22. Kh2 Bf8 23. Rda1 a5 24. Qc1 Kh7 25. h4 Qc6 26. Qb1 1/2-1/2

[Event "XVII Weekend C"]
[Site "Ceriano Laghetto ITA"]
[Date "2008.03.29"]
[Round "2"]
[White "Annoni, Tiziano"]
[Black "Loi, Alberto"]
[Result "0-1"]
[WhiteElo "1407"]
[BlackElo "1481"]
[PlyCount "40"]
[EventDate "2008.03.28"]

1.e4 e5 2.Nf3 Nc6 3.Bc4 Nf6 4.O-O d6 5.Ng5 Bg4 6.Bxf7+ Kd7 7.f3 h6 8.fxg4 
hxg5 9.Qf3 Nd4 10.Qf2 Nxg4 11.Be6+ Nxe6 12.Qg3 Nxh2 13.Rf7+ Be7 14.Nc3 Qg8
15.Rxe7+ Kxe7 16.d3 Rf8 17.Bxg5+ Nxg5 18.Qxg5+ Kd7 19.Nd5 Qf7 20.Ne3 Qf2+ 
0-1

[Event "XVII Weekend C"]
[Site "Ceriano Laghetto ITA"]
[Date "2008.03.29"]
[Round "2"]
[White "Bertuolo, Sergio"]
[Black "Mondini, Francesco"]
[Result "1-0"]
[WhiteElo "1523"]
[BlackElo "1448"]
[PlyCount "79"]
[EventDate "2008.03.28"]

1.e4 e5 2.Nf3 Nc6 3.Bb5 a6 4.Ba4 b5 5.Bb3 Be7 6.c3 Nf6 7.O-O d6 8.h3 Nxe4 
9.Bd5 Bb7 10.Bxe4 d5 11.Bc2 e4 12.Nd4 Nxd4 13.cxd4 c5 14.d3 cxd4 15.dxe4 
dxe4 16.Qg4 Qd5 17.Bb3 Qe5 18.Bf4 Qf6 19.a4 h5 20.Qg3 g5 21.Be5 Qh6 22.
Bxh8 Qxh8 23.axb5 Rd8 24.bxa6 Ba8 25.a7 Qg7 26.Nd2 Bd6 27.Ba4+ Kf8 28.f4 
exf3 29.Qf2 fxg2 30.Qxf7+ Qxf7 31.Rxf7+ Kxf7 32.Bb3+ Kf6 33.Nc4 Bc5 34.
Ra6+ Ke7 35.Ra5 Rd5 36.Nb6 d3+ 37.Kxg2 Bxb6 38.Bxd5 Bxa5 39.Bxa8 d2 40.Bf3
1-0

[Event "XVII Weekend C"]
[Site "Ceriano Laghetto ITA"]
[Date "2008.03.29"]
[Round "2"]
[White "Cerusico, Carlo"]
[Black "Moroni, Luca jr"]
[Result "1-0"]
[WhiteElo "1385"]
[BlackElo "1461"]
[PlyCount "69"]
[EventDate "2008.03.28"]

1.d4 d5 2.Nf3 Bf5 3.e3 Nc6 4.c3 Nf6 5.Be2 e6 6.Nbd2 Bd6 7.O-O O-O 8.Nh4 
Ne7 9.Nxf5 Nxf5 10.Nf3 c5 11.Bd3 Nh6 12.Re1 c4 13.Bc2 Re8 14.e4 dxe4 15.
Bxe4 Qc7 16.Bxh6 gxh6 17.Ne5 Bxe5 18.dxe5 Nxe4 19.Rxe4 Rad8 20.Qg4+ Kh8 
21.Qh4 Rd2 22.Qf6+ Kg8 23.Rg4+ Kf8 24.Qxh6+ Ke7 25.Qxd2 Qxe5 26.Qg5+ Qxg5 
27.Rxg5 Kf6 28.Rc5 Rd8 29.Rxc4 Rd2 30.b3 b5 31.Rc7 Rd3 32.c4 Rc3 33.Rxa7 
bxc4 34.bxc4 Rxc4 35.a4 1-0

[Event "XVII Weekend C"]
[Site "Ceriano Laghetto ITA"]
[Date "2008.03.29"]
[Round "2"]
[White "De Maio, Fabio"]
[Black "Villa, Giorgio"]
[Result "1-0"]
[WhiteElo "1344"]
[BlackElo "1431"]
[PlyCount "141"]
[EventDate "2008.03.28"]

1.e4 e5 2.Nf3 Nc6 3.Bb5 a6 4.Ba4 b5 5.Bb3 d6 6.O-O Nf6 7.Re1 g6 8.h3 Bg7 
9.c3 O-O 10.d3 a5 11.a4 b4 12.Bg5 Qe8 13.Qd2 Be6 14.Bxe6 Qxe6 15.Bh6 Rad8 
16.Bxg7 Kxg7 17.cxb4 axb4 18.Qc2 Qd7 19.Rc1 Na5 20.Nbd2 Rc8 21.Nb3 Nxb3 
22.Qxb3 c5 23.a5 Ra8 24.Qa4 Qxa4 25.Rxa4 Rfc8 26.Nd2 Nd7 27.Nc4 Ra6 28.
Rca1 f5 29.f3 fxe4 30.fxe4 h5 31.Kf2 g5 32.Ke3 g4 33.hxg4 hxg4 34.Kd2 Kg6 
35.g3 Kg5 36.Kc2 Nf6 37.Kb3 Nh5 38.Rg1 Rf8 39.Nd2 Rf7 40.Raa1 Rfa7 41.Nc4 
Rf7 42.Nd2 Rf2 43.Kc2 Nf6 44.Raf1 Rxf1 45.Rxf1 Rxa5 46.Kb3 Ra8 47.Kc4 Rd8 
48.Kb5 Nh7 49.Rf5+ Kg6 50.Nc4 Rf8 51.Rxf8 Nxf8 52.Nxd6 Nd7 53.Nb7 Kf7 54.
Nxc5 Nxc5 55.Kxc5 b3 56.Kc4 Ke7 57.Kxb3 Kd7 58.Kb4 Kc6 59.Kc4 Kc7 60.b4 
Kc6 61.b5+ Kb6 62.Kd5 Kxb5 63.Kxe5 Kc6 64.Ke6 Kc7 65.Kf6 Kd8 66.Kf5 Kd7 
67.Kxg4 Kd6 68.Kf5 Ke7 69.g4 Ke8 70.g5 Kf8 71.g6 1-0

[Event "XVII Weekend C"]
[Site "Ceriano Laghetto ITA"]
[Date "2008.03.29"]
[Round "2"]
[White "Di Cicco, Daniela"]
[Black "Christen, Peter Walter"]
[Result "1-0"]
[WhiteElo "1281"]
[BlackElo "1430"]
[PlyCount "61"]
[EventDate "2008.03.28"]

1.d4 e6 2.Nf3 d5 3.Bf4 Nf6 4.h3 c5 5.c3 Nc6 6.e3 Qb6 7.Qc2 Bd7 8.Be2 Rc8 
9.O-O cxd4 10.exd4 Nxd4 11.Nxd4 Qxd4 12.Be3 Qa4 13.Qxa4 Bxa4 14.Nd2 Bc5 
15.Bf4 O-O 16.b3 Bd7 17.a3 Rfd8 18.b4 Be7 19.Be5 Ba4 20.Rac1 a6 21.c4 dxc4
22.Nxc4 Bb5 23.Rfe1 Kf8 24.Kf1 Nd7 25.Bd4 Bg5 26.Be3 Bxe3 27.fxe3 Nf6 28.
Na5 Bxe2+ 29.Kxe2 b5 30.Red1 Rxd1 31.Rxc8+ 1-0

[Event "XVII Weekend C"]
[Site "Ceriano Laghetto ITA"]
[Date "2008.03.29"]
[Round "2"]
[White "Lipari, Alberto"]
[Black "Lai, Daniela"]
[Result "1-0"]
[WhiteElo "1506"]
[BlackElo "1317"]
[PlyCount "140"]
[EventDate "2008.03.28"]

1.d4 Nf6 2.c4 g6 3.Nc3 Bg7 4.Bf4 d6 5.Nf3 Bg4 6.e3 Nbd7 7.Bd3 O-O 8.Qc2 
Re8 9.O-O-O e5 10.dxe5 dxe5 11.Bg5 Qc8 12.Ne4 Nxe4 13.Bxe4 Nc5 14.h3 Bxf3 
15.gxf3 c6 16.b4 Nxe4 17.Qxe4 Qe6 18.Kb2 Bf6 19.h4 Bxg5 20.hxg5 Rad8 21.
Kc3 Rxd1 22.Rxd1 Qh3 23.f4 Qg4 24.f3 Qe6 25.Rd3 f5 26.gxf6 Qxf6 27.Kb3 b5 
28.c5 Qe6+ 29.Ka3 exf4 30.Qxf4 Qf5 31.Qxf5 gxf5 32.Kb3 h5 33.Kc3 Kf7 34.
Kd2 Rg8 35.Rd6 Rg2+ 36.Ke1 h4 37.Rxc6 Rxa2 38.Rh6 Rh2 39.c6 Rc2 40.Rxh4 
Rxc6 41.Rh7+ Kg6 42.Rxa7 Rc4 43.Ra6+ Kg5 44.Kf2 Rxb4 45.Kg3 f4+ 46.exf4+ 
Rxf4 47.Ra5 Rb4 48.Ra8 Rd4 49.Rf8 Rd3 50.Rg8+ Kf6 51.Kg4 b4 52.Rb8 b3 53.
f4 Rc3 54.Rb6+ Kg7 55.Kg5 Rg3+ 56.Kf5 Rc3 57.Kg4 Re3 58.f5 Kf7 59.Kg5 Rg3+
60.Kf4 Rc3 61.f6 Kg6 62.Ke5 Rf3 63.f7+ Kxf7 64.Kd4 b2 65.Rxb2 Ra3 66.Rb6 
Ke7 67.Kd5 Ra5+ 68.Kc4 Kd7 69.Rh6 Kc7 70.Kb4 Rg5 1-0

[Event "XVII Weekend C"]
[Site "Ceriano Laghetto ITA"]
[Date "2008.03.29"]
[Round "2"]
[White "Nava, Mario"]
[Black "Marelli, Vittorio"]
[Result "0-1"]
[WhiteElo "1368"]
[BlackElo "1439"]
[PlyCount "56"]
[EventDate "2008.03.28"]

1.Nf3 Nc6 2.d4 d5 3.e3 Bg4 4.Nbd2 e6 5.c3 Nf6 6.Be2 Qd6 7.Nh4 Bxe2 8.Qxe2 
Be7 9.Nhf3 O-O 10.O-O e5 11.dxe5 Nxe5 12.Nxe5 Qxe5 13.Nf3 Qh5 14.Rd1 Bd6 
15.h3 Rfe8 16.c4 dxc4 17.Qxc4 Rad8 18.Bd2 Ne4 19.Qa4 a6 20.Rac1 g5 21.Kf1 
g4 22.hxg4 Qxg4 23.Qc2 h5 24.Ke2 Kh7 25.Rh1 Qxg2 26.Rxh5+ Kg8 27.Rh2 Bxh2 
28.Be1 Ng3# 0-1

[Event "XVII Weekend C"]
[Site "Ceriano Laghetto ITA"]
[Date "2008.03.29"]
[Round "2"]
[White "Pensa, Lorenzo"]
[Black "De Maio, Domenico"]
[Result "0-1"]
[WhiteElo "1437"]
[BlackElo "1371"]
[PlyCount "91"]
[EventDate "2008.03.28"]

1.d4 d5 2.Bf4 Nf6 3.Nf3 Nc6 4.e3 e6 5.Bd3 Bd7 6.Nbd2 g6 7.O-O Bg7 8.c3 O-O
9.Qb3 b6 10.Bg5 h6 11.Bxf6 Qxf6 12.Ba6 Rab8 13.Qa4 Rfd8 14.Bb5 e5 15.Bxc6 
Bxc6 16.Qxa7 Qe7 17.Qa3 Qe6 18.Rfe1 Ra8 19.Qb4 Bf8 20.Qb3 Ba4 21.Qxa4 Rxa4
22.Nxe5 Bg7 23.b3 Ra7 24.Nef3 Rda8 25.a4 b5 26.h3 bxa4 27.bxa4 Rxa4 28.Nb3
Rxa1 29.Nxa1 Ra3 30.Rc1 Qa6 31.Nc2 Rxc3 32.Ra1 Qc6 33.Nfe1 Rxc2 34.Nxc2 
Qxc2 35.Ra8+ Bf8 36.Ra5 Qd1+ 37.Kh2 Bd6+ 38.g3 Qd2 39.Kg2 Qxa5 40.Kf3 c5 
41.dxc5 Qxc5 42.Kg2 Kg7 43.h4 g5 44.hxg5 hxg5 45.Kh3 Kg6 46.Kg4 0-1

[Event "XVII Weekend C"]
[Site "Ceriano Laghetto ITA"]
[Date "2008.03.29"]
[Round "2"]
[White "Veri', Giustino"]
[Black "Galimberti, Matteo"]
[Result "0-1"]
[WhiteElo "1473"]
[BlackElo "1506"]
[PlyCount "111"]
[EventDate "2008.03.28"]

1.Nf3 d5 2.c4 e6 3.b3 c5 4.g3 Nc6 5.Bb2 d4 6.d3 Nf6 7.Bg2 Be7 8.O-O Qc7 9.
Nbd2 e5 10.Ne4 Nxe4 11.dxe4 Be6 12.Qc2 O-O 13.Rfd1 f5 14.Bc1 f4 15.Rf1 Bg4
16.h3 Be6 17.Nh2 Qd7 18.g4 Nb4 19.Qd2 Bg5 20.f3 b5 21.a3 Na6 22.Qc2 bxc4 
23.bxc4 Qf7 24.Qd2 Bxc4 25.Bb2 Nc7 26.Rfc1 Nb5 27.Rc2 Rfc8 28.Rac1 Nd6 29.
a4 Rc6 30.Ba3 Rac8 31.Rb2 Bb3 32.Qe1 Be7 33.Nf1 c4 34.Rcb1 Bxa4 35.Qa5 c3 
36.Rb8 c2 37.Rxc8+ Rxc8 38.Rc1 Bb5 39.Bxd6 Bxd6 40.Qxb5 Ba3 41.Qa6 Qf8 42.
Ra1 Qc5 43.Qe6+ Kh8 44.Nd2 c1=Q+ 45.Rxc1 Qxc1+ 46.Nf1 Qc5 47.h4 Bb4 48.Bh3
d3+ 49.Kg2 d2 50.Nxd2 Bxd2 51.g5 Rb8 52.Bf5 Be3 53.Kh3 a5 54.Qd7 Qb5 55.
Qf7 Qxe2 56.Bg4 0-1

[Event "XVII Weekend C"]
[Site "Ceriano Laghetto ITA"]
[Date "2008.03.29"]
[Round "2"]
[White "Vuckovic, Dimitrije"]
[Black "Gonella, Graziano"]
[Result "1-0"]
[WhiteElo "1425"]
[BlackElo "1260"]
[PlyCount "53"]
[EventDate "2008.03.28"]

1.d4 Nf6 2.c4 d5 3.e3 Nc6 4.Nf3 Qd6 5.a3 e5 6.c5 Qe6 7.Bb5 e4 8.Ne5 a6 9.
Ba4 Bd7 10.Nxc6 Bxc6 11.h3 Bxa4 12.Qxa4+ b5 13.cxb6+ Qd7 14.Qxd7+ Kxd7 15.
bxc7 Kxc7 16.O-O Rb8 17.b4 Rb5 18.Nc3 Rb6 19.g4 h5 20.g5 Nd7 21.Nxd5+ Kb7 
22.Nxb6 Kxb6 23.Bb2 f6 24.gxf6 Nxf6 25.Rfd1 Rh6 26.Rac1 Ne8 27.Rc8 1-0

[Event "XVII Weekend C"]
[Site "Ceriano Laghetto ITA"]
[Date "2008.03.29"]
[Round "3"]
[White "De Maio, Domenico"]
[Black "Lipari, Alberto"]
[Result "1/2-1/2"]
[WhiteElo "1371"]
[BlackElo "1506"]
[PlyCount "120"]
[EventDate "2008.03.28"]

1.e4 c5 2.Nc3 e6 3.g3 d5 4.exd5 exd5 5.d4 Nf6 6.Bg2 Be6 7.Bg5 cxd4 8.Qxd4 
Nc6 9.Qd2 Bb4 10.Nf3 d4 11.a3 dxc3 12.Qxd8+ Rxd8 13.b3 Bc5 14.O-O Rd7 15.
Bxf6 gxf6 16.Rfe1 O-O 17.b4 Bb6 18.Rf1 Re8 19.Rae1 Kf8 20.h3 Nd4 21.Nxd4 
Rxd4 22.Re2 Bc4 23.Rxe8+ Kxe8 24.Re1+ Kf8 25.Bxb7 Rd2 26.Rf1 Bxf1 27.Kxf1 
Rxf2+ 28.Ke1 Rxc2 29.Be4 Rc1+ 30.Ke2 Ra1 31.Bxh7 Ra2+ 32.Kd1 Rd2+ 33.Kc1 
Be3 34.Bc2 Rh2+ 35.Kb1 Rxh3 36.b5 Rxg3 37.Ka2 Ke7 38.Kb3 Bd2 39.a4 Ke6 40.
a5 Be3 41.Kxc3 f5 42.Bb3+ Kf6 43.Kb4 Rg4+ 44.Ka3 f4 45.b6 axb6 46.a6 b5 
47.Bd1 Rg3 48.Kb4 Bb6 49.Kxb5 Rb3+ 50.Bxb3 Be3 51.Bd1 Ke5 52.Bf3 Kd6 53.
Kc4 f5 54.Kb4 Ke5 55.Kc4 Kf6 56.Kd5 Kg5 57.Ke5 Ba7 58.Ke6 Bd4 59.Kd5 Be3 
60.Ke6 Kh4 1/2-1/2

[Event "XVII Weekend C"]
[Site "Ceriano Laghetto ITA"]
[Date "2008.03.29"]
[Round "3"]
[White "Di Cicco, Daniela"]
[Black "Vuckovic, Dimitrije"]
[Result "0-1"]
[WhiteElo "1281"]
[BlackElo "1425"]
[PlyCount "141"]
[EventDate "2008.03.28"]

1.d4 Nf6 2.Nf3 g6 3.h3 Bg7 4.Bf4 d6 5.e3 a6 6.Bd3 b5 7.O-O Bb7 8.Qe2 Nc6 
9.c3 e6 10.Nbd2 O-O 11.e4 Re8 12.Rfe1 Nd7 13.Qd1 e5 14.Bh2 exd4 15.cxd4 
Nxd4 16.Rb1 Nc5 17.Bc2 Nxf3+ 18.Qxf3 Be5 19.Bxe5 dxe5 20.Nb3 Ne6 21.Rbd1 
Qe7 22.Qg3 Qf6 23.Na5 Rab8 24.Nxb7 Rxb7 25.Rd5 Nd4 26.Bb3 c6 27.Rc5 Qd6 
28.Rc3 Nxb3 29.axb3 Rd7 30.Rec1 Rc8 31.Qf3 Rdc7 32.Rd3 Qe6 33.Qe3 Kg7 34.
Qb6 Rd7 35.Rxd7 Qxd7 36.Qxa6 c5 37.Rc3 b4 38.Rd3 Qc6 39.Qxc6 Rxc6 40.Rd1 
Kf6 41.Kf1 Kg5 42.g3 f5 43.f3 Kf6 44.h4 Ke6 45.Ke2 c4 46.Rc1 c3 47.bxc3 
Kd6 48.Kd3 Rc5 49.c4 Ra5 50.Rc2 Kc5 51.Rb2 Ra1 52.Rd2 Rc1 53.Ke3 Rb1 54.
Rd3 fxe4 55.fxe4 Kc6 56.Kf3 h5 57.g4 Rf1+ 58.Kg3 Rg1+ 59.Kh2 Rxg4 60.Re3 
Rxh4+ 61.Kg3 Rg4+ 62.Kf3 Rf4+ 63.Ke2 Kc5 64.Kd3 h4 65.Rh3 Rg4 66.Ke3 g5 
67.Rf3 Rf4 68.Rh3 Rg4 69.Rf3 Rg1 70.Ke2 Kd6 71.Re3 0-1

[Event "XVII Weekend C"]
[Site "Ceriano Laghetto ITA"]
[Date "2008.03.29"]
[Round "3"]
[White "Gerosa, Ottavio"]
[Black "Cerusico, Carlo"]
[Result "1-0"]
[WhiteElo "1467"]
[BlackElo "1385"]
[PlyCount "63"]
[EventDate "2008.03.28"]

1.e4 e6 2.d4 d5 3.Nc3 dxe4 4.Nxe4 Nd7 5.Nh3 Ngf6 6.Bg5 Be7 7.Qf3 O-O 8.Bd3
Nxe4 9.Qxe4 g6 10.Bh6 Re8 11.O-O Nf8 12.Nf4 Bg5 13.Bxg5 Qxg5 14.Rfe1 c6 
15.c4 Bd7 16.Nh3 Qe7 17.f4 Rab8 18.Nf2 a6 19.Qe3 Rbd8 20.f5 Bc8 21.Ng4 
gxf5 22.Bxf5 f6 23.Qh6 Ng6 24.Bxg6 hxg6 25.Qxg6+ Kh8 26.Nh6 Rf8 27.Qh5 Qh7
28.Re4 f5 29.Rh4 Rd7 30.Qe2 Kg7 31.Qe5+ Rf6 32.Nxf5+ 1-0

[Event "XVII Weekend C"]
[Site "Ceriano Laghetto ITA"]
[Date "2008.03.29"]
[Round "3"]
[White "Gonella, Graziano"]
[Black "Pensa, Lorenzo"]
[Result "0-1"]
[WhiteElo "1260"]
[BlackElo "1437"]
[PlyCount "62"]
[EventDate "2008.03.28"]

1.e4 e5 2.Nf3 Nc6 3.d4 d6 4.Nc3 Nf6 5.Bg5 g6 6.Nd5 Bg7 7.Bb5 Bd7 8.O-O O-O
9.dxe5 dxe5 10.Nxe5 Nxe5 11.Nxf6+ Bxf6 12.Bxf6 Qxf6 13.Qxd7 Nxd7 14.Bxd7 
Rad8 15.Rad1 Qxb2 16.Bg4 Rxd1 17.Bxd1 Qxa2 18.f3 a5 19.Rf2 Qb1 20.Rd2 a4 
21.Kf2 a3 22.c4 a2 23.Bc2 Qh1 24.Rd1 Qxd1 25.Bxd1 a1=Q 26.Be2 Rd8 27.g4 
Rd2 28.h3 Qa2 29.Kg3 Rxe2 30.c5 g5 31.e5 Rg2# 0-1

[Event "XVII Weekend C"]
[Site "Ceriano Laghetto ITA"]
[Date "2008.03.29"]
[Round "3"]
[White "Lai, Daniela"]
[Black "Veri', Giustino"]
[Result "0-1"]
[WhiteElo "1317"]
[BlackElo "1473"]
[PlyCount "74"]
[EventDate "2008.03.28"]

1.e4 c6 2.Nf3 d5 3.exd5 cxd5 4.d4 Bg4 5.Be2 Nf6 6.Bg5 e6 7.O-O Be7 8.Nc3 
O-O 9.Qd3 Nc6 10.Ne5 Bxe2 11.Qxe2 Nxd4 12.Qd3 Nc6 13.Nxc6 bxc6 14.Qg3 Nh5 
15.Qg4 Bxg5 16.Qxh5 g6 17.Qe2 Rb8 18.Na4 Bf6 19.Rab1 Qa5 20.b3 Rfc8 21.
Rfd1 Rb4 22.a3 Rd4 23.Qe3 Rxd1+ 24.Rxd1 c5 25.c4 dxc4 26.Qf3 Bd4 27.Qb7 
Rd8 28.Kf1 cxb3 29.Qxb3 Qc7 30.g3 Rb8 31.Qc4 Qa5 32.Qc2 e5 33.Nxc5 Bxc5 
34.Rd5 Qa6+ 35.Ke1 Bd4 36.Rd7 Rb2 37.Qd1 Bxf2# 0-1